01039nam a2200301 a 4500001001000000003000900010005001700019007001000036008004100046040002200087082001900109100002500128245006500153260004900218490001000267500006200277590007600339650002400415650002600439700002100465830001000486910003700496942001200533945002700545952011100572956003900683999001500722000010629DO-SdBNP20180214105517.0000010629091008s1986 dr 000 0 spa d aBPMSUbspacBPMSU aRD861.44bO45h1 aOlea, Ángeld1959-13aEl hombre interior /cAngel Olea ; ilustraciones Juan Valoy. aSanto Domingo :bBiblioteca Nacional,c1986.1 aOrfeo aIncluye datos biográficos del autor en la contraportada aPerteneció a la biblioteca personal de Juan Isidro Jimenes Grullón. 4aPOESÍA DOMINICANA 4aLITERATURA DOMINICANA12aValoy, Juanbil. 0aOrfeo aValidado. Control de calidad MFF 2ddccBK aInventariado, 2018/ YL 00102ddc40708CDaBPMETbBPMETd2015-02-06l0oRD861.44 O45hpBPMSU15041148r2015-02-06w2015-02-06yBK aVMATEO b10c20120111lBPMSUh0069 c7366d7366